Izčislitelna technika i programirane
Gespeichert in:
| 1. Verfasser: | |
|---|---|
| Format: | Buch |
| Sprache: | Bulgarisch |
| Veröffentlicht: |
Varna
Visš institut za narodno stopanstvo "Dimitar Blagoev"
1983
|
| Tags: |
Keine Tags, Fügen Sie das erste Tag hinzu!
|
MARC
| LEADER | 00000nam a2200000 4500 | ||
|---|---|---|---|
| 001 | c132774 | ||
| 005 | 20071019144643.0 | ||
| 041 | 0 | |a bul | |
| 044 | |a BG | ||
| 245 | 1 | 0 | |a Izčislitelna technika i programirane |c Petko Iliev |
| 264 | 1 | |a Varna |b Visš institut za narodno stopanstvo "Dimitar Blagoev" |c 1983 | |
| 300 | |a 317 s. | ||
| 100 | 1 | |a Iliev, Petko | |